000 00391nam a2200157 i 4500
001 bg
100 1 _aJAblonskij, A. A.
245 0 _aKurs teorii kolebanij /
_cA.A. Jblonskij, S.S. Morejko.
250 _aIzd.3, ispravl. i dopoln.
260 _aMoskwa,
_c1975.
700 1 _aMorejko, S. S.
040 _cBPK
041 _apol
942 _cKS
008 s pl f |000 0 pol
999 _c16029
_d16029
856 _uhttp://koha.tu.koszalin.pl/cgi-bin/koha/opac-detail.pl?biblionumber=16029
_yKatalog online BPK